000 00500nam a22001691a 4500
020 _a9788185268439
082 _aH 934
_bSIT/I
100 _aSita Ram Dube (ed.)
_9148268
245 _aIndia in the Buddhist period:
_bproceedings of national seminar/
_cedited by Sita Ram Dube
260 _aDelhi:
_bPratibha,
_c1996.
300 _a230p.
500 _aDube Sita Ram
650 _aIndia Buddhist Period
_9148269
650 _aHistory India Ancient
_9148270
650 _aHistory
_9148271
942 _cBK
999 _c19414
_d19414